Πολιτική κοινωνικοποίηση
Saved in:
| Main Author: | |
|---|---|
| Other Authors: | |
| Format: | Book |
| Language: | Greek |
| Published: |
[Θεσσαλονίκη] :
Σακκουλάς,
1976
|
| Series: | Εφηρμοσμένη πολιτική επιστήμη
|
| Subjects: | |
| Tags: |
Add Tag
No Tags, Be the first to tag this record!
|
MARC
| LEADER | 00000nam a2200000 i 4500 | ||
|---|---|---|---|
| 001 | 1/77754 | ||
| 008 | 960819s1976 gre d | ||
| 035 | |a 1993 |b 1 |c Χιωτάκης |l 10032747 | ||
| 040 | |a GR-MY-UA |b gre |e aacr | ||
| 041 | 0 | |a gre | |
| 082 | 0 | |a 306.2 | |
| 100 | 1 | |a Μεταξάς, Αγγελος Κ. | |
| 245 | 1 | 0 | |a Πολιτική κοινωνικοποίηση / |c Α., Ι.Δ. Μεταξά |
| 260 | |a [Θεσσαλονίκη] : |b Σακκουλάς, |c 1976 | ||
| 300 | |a 173 σ. | ||
| 490 | 1 | |a Εφηρμοσμένη πολιτική επιστήμη | |
| 650 | 0 | 0 | |a Political socialization. |
| 650 | 0 | 0 | |a Political sociology. |
| 700 | 1 | |a Μεταξάς, Ι.Δ. | |
| 830 | 0 | |a Εφηρμοσμένη πολιτική επιστήμη | |
| 852 | |a INST |b RHODES |e 19960819 |h 306.2 ΜΕΤ |p 005400009802 |q 005400009802 |t BK |y 0 | ||
| 909 | |a Ρ |b 025846 |c 1993 | ||